Manobras Radicais/ (Record no. 2241)

MARC details
000 -LEADER
campo de control de longitud fija 00521nam a22001817a 4500
003 - IDENTIFICADOR DE NÚMERO DE CONTROL
campo de control OSt
005 - FECHA Y HORA DE LA ÚLTIMA TRANSACCIÓN
campo de control 20221007174223.0
008 - DATOS DE LONGITUD FIJA--INFORMACIÓN GENERAL
campo de control de longitud fija 221007b |||||||| |||| 00| 0 eng d
020 ## - NÚMERO INTERNACIONAL ESTÁNDAR DEL LIBRO
Número Internacional Estándar del Libro 85-98251-10-0
040 ## - FUENTE DE CATALOGACIÓN
Centro/agencia transcriptor Biblioteca Lado V
082 ## - NÚMERO DE LA CLASIFICACIÓN DECIMAL DEWEY
Número de clasificación 708
Número de ítem H548m
100 ## - ENTRADA PRINCIPAL--NOMBRE DE PERSONA
9 (RLIN) 13
Nombre de persona Herkenhoff, Paulo
Término indicativo de función/relación texto
245 ## - MENCIÓN DEL TÍTULO
Título Manobras Radicais/
260 ## - PUBLICACIÓN, DISTRIBUCIÓN, ETC.
Lugar de publicación, distribución, etc. Brasil
Nombre del editor, distribuidor, etc. Centro Cultural Banco do Brasil
Fecha de publicación, distribución, etc. 2006
300 ## - DESCRIPCIÓN FÍSICA
Extensión 239p.
Dimensiones 16x23cm
700 ## - ENTRADA AGREGADA--NOMBRE PERSONAL
Nombre de persona Buarque, Heloisa
Término indicativo de función/relación textos
942 ## - ELEMENTOS DE ENTRADA SECUNDARIOS (KOHA)
Fuente del sistema de clasificación o colocación Clasificación Decimal Dewey
Tipo de ítem Koha Libros
Parte de la signatura que corresponde a la clasificación (Parte de la clasificación) 708
Parte de la signatura que identifica el ejemplar (Parte del ítem) H548m
Suprimir en OPAC No
Holdings
Estatus retirado Estado de pérdida Fuente del sistema de clasificación o colocación Estado de daño No para préstamo Biblioteca de origen Biblioteca actual Fecha de adquisición Número de inventario Total de préstamos Signatura topográfica completa Código de barras Visto por última vez Precio de reemplazo Tipo de ítem Koha
    Clasificación Decimal Dewey     Biblioteca LadoV Biblioteca LadoV 07/10/2022 001571   708 H548m 001571 07/10/2022 07/10/2022 Libros